Quizzes
Events
Quiz Creation
Community
Videos
Private Events
Remove Ads
Sign In
Join for FREE
Feedback
Dark Mode
Quiz Categories
Sports
Geography
Music
Movies
Television
Just For Fun
Miscellaneous
History
Literature
Language
Science
Gaming
Entertainment
Religion
Holiday
For Kids
Quiz Lab
Recent
Popular Today
Quiz Kudos Today
Editor Picks
Curator Picks
Quizzes by...
Day
Popularity
Type
Ratings
Length
Year
Community
Subscriptions
Recent Discussions
Orange Saloon
Badges
Playlists
Quests
Create
Leaderboards
Showdown
Live 5
Trivia Bingo
Activity
Puzzle Library
Sporcle Events
Private Events
Virtual Trivia
Globe League
Become a Host
Pub Owners
SporcleCon
Opinionation
Our Games
Videos
Blog
Mobile Apps
Partnerships
Remove Ads and Go Orange
Feedback
Sports
Athletes
MLB
NBA
NHL
NFL
Soccer
Sports Teams
WWE
NCAA
Football
Premier League
Basketball
Baseball
Hockey
Golf
Tennis
Cricket
Rugby
Auto Racing
Olympics
World Cup
Sports
Athletes
MLB
NBA
NHL
NFL
Soccer
Sports Teams
WWE
NCAA
Football
Premier League
Basketball
Baseball
Hockey
Golf
Tennis
Cricket
Rugby
Auto Racing
Olympics
World Cup
Random Quiz
Search Sporcle
×
Quiz Lab
Quiz Lab
Sports
Baseball
Type in answers that appear in a list
Type in answers that appear in a list
Classic
Best Score? Go Orange.
Baseball Autobiographies Stats
Can you name the baseball players under whose name these autobiographies were published ?
By
westwell
8m
27 Questions
252 Plays
252 Plays
252 Plays
Comments
Comments
Give Quiz Kudos
Give Quiz Kudos
-
- Ratings
hide this ad
Replay
Link that replays current quiz
Next Quiz
Link to next quiz in quiz playlist
You Got
0%
They Got
Avg Score
34%
Avg Friend Score
Upgrade to see
Score Distribution
Jump to the score distribution portion of the page
Score
0/27
Timer
08:00
0
Plays Today
Autobiography
Player
% Correct
Rocket Man
Roger Clemens
92.5%
Juiced
Jose Canseco
80.6%
Mr. Cub
Ernie Banks
77.8%
Off Base: Confessions of a Thief
Rickey Henderson
73.4%
I Had a Hammer
Hank Aaron
60.7%
My Prison Without Bars
Pete Rose
48.8%
Stealing is My Game
Lou Brock
48.4%
Ball Four
Jim Bouton
43.3%
Number 1
Billy Martin
41.7%
My Turn at Bat
Ted Williams
36.5%
Maybe I'll Pitch Forever
Satchel Paige
34.5%
Perfect I'm Not
David Wells
29.4%
I Never Had It Made
Jackie Robinson
27.8%
The Perfect Yankee
Don Larsen
26.2%
Autobiography
Player
% Correct
Nice Guys Finish Last
Leo Durocher
24.6%
Fear Strikes Out
Jim Piersall
23.8%
Baby Bull
Orlando Cepeda
23.8%
'I Ain't an Athlete, Lady...'
John Kruk
23.4%
The Bronx Zoo
Sparky Lyle
21.8%
Catcher in the Wry
Bob Uecker
19%
It's Good to be Alive
Roy Campanella
16.3%
My 66 Years in the Big Leagues
Connie Mack
15.1%
Balls
Graig Nettles
15.1%
The Wrong Stuff
Bill Lee
13.5%
Designated Hebrew
Ron Blomberg
10.7%
Seeing It Through
Tony Conigliaro
4.4%
Five O'Clock Comes Early
Bob Welch
3.6%
Quiz Playlist
Details
Report
Send in Message
Add To Playlist
Classic:
Type in answers that appear in a list
Quiz Source
Last Updated: Feb 16, 2017
Quiz Scoreboard
CHALLENGE
Sign Up to Join the Scoreboard
Show All
Scores
Hide
Comments
May contain spoilers
Recently Published
Pick 6: Fruits
by JohnFran
Miscellaneous
15s
Click the 1999 NBA Draft
by nibperrychub
Sports
2m
Alphabetical 'K' Countries by Flag Minefield
by ylime102
Geography
3m
More to Explore
Quiz From the Vault
Featured Blog Post
15 Basketball Trivia Facts You Can Be March Mad About
hide this ad
You Might Also Like...
Tags
Baseball Quiz
Autobiography
Player
Published
Under
Today's Top Quizzes in Sports
Browse Sports
hide this ad
Today's Top Quizzes in Baseball
Browse Baseball
Top Contributed Quizzes in Sports
1
Pick 6: NFL Teams
2
MLB 2 truths and a lie: Hall of Fame pitchers
3
Les joueurs à 100 buts en Ligue 1 Uber Eats
4
Don't Strike Out: 3000 Strikeouts
5
Criteria MLB: Left Handed Sluggers
6
Pick 6: Minor League Baseball
7
2022 World Cup Stars
8
Click the 1998 NBA Draft
9
Millionaire: NBA Finals Edition
10
MLB Players with Two .350 Batting Average Seasons
Explore More
Trending Topics
NBA
Crossword
Marvel
Kpop
Anime
Disney
Harry Potter
WWE
Soccer
Song
Puzzle
NFL
Country
The Office
Pokémon
hide this ad
More By:
westwell
Quiz
Plays
Rating
Category
Featured
Created
Baseball HOF Players Who Became Managers
603
1.17
Sports
Dec 21, 2009
Tad's Switzerland Quiz
360
4.00
Geography
Dec 20, 2009
Baseball Autobiographies
252
4.29
Sports
Nov 5, 2009
Go to Creator's Profile
Score Distribution
Quiz Creator Spotlight
westwell
Follow
Send a Message
Quizzes Created
-
Created Quiz Play Count
-
More By This Creator
Popular Quizzes Today
1
Countries of Asia Without Outlines Minefield
2
Find the US States - No Outlines Minefield
3
Pick 6: Fruits
4
Alphabetical 'K' Countries by Flag Minefield
5
The Countries of the World
6
Find the US States
7
Match the Book to the Film X
8
US States
More Sports Quizzes
Highest Transfer Fees: La Liga
Quiz Lab
Trending Quizzes
Pick 6: Harry Potter
Pick 6: Mountains
Pick 6: NFL Teams
Pick 6: Movie Franchises
Pick 6: Golfers
Recently Updated
NWSL Teams
pecheneg
Women's Final Four Teams by Year
bhenderson79
Presidents Quartet II
eogle
Anything But Clue(do)
eogle
Anything But Oceanian Capitals
eogle
Anything But 7
eogle
Anything But Thing
eogle
Word Ladder: February 29
pecheneg
Song Title Questions
pecheneg
Women's NCAA Tournament #1 Seeds
pecheneg
Trending Topics
Kpop
NBA
Marvel
Harry Potter
Disney
Crossword
Anime
Soccer
Puzzle
Country
The Office
Song
Pokémon
WWE
NFL
Your Account Isn't Verified!
In order to create a playlist on Sporcle, you need to verify the email address you used during registration. Go to your
Sporcle Settings
to finish the process.
Report this User
Report this user for behavior that violates our
Community Guidelines
.
Details:
Send Report
Go to the Sporcle.com Mobile Site →
Comments